[Event "DEM U12w 2025"]
[Site "Willingen GER"]
[Date "2025.06.08"]
[Round "2"]
[White "Subocz, Emma"]
[Black "Kühn, Nicole"]
[Result "0-1"]
[Termination "normal"]
[Board "15"]
[WhiteElo "1270"]
[BlackElo "1596"]
[WhiteClock "00:58:58"]
[BlackClock "00:43:20"]
[PlyCount "60"]
[WhiteFideId "41805666"]
[BlackFideId "34610510"]
[EventCountry "GER"]
[EventRounds "9"]
[EventType "swiss"]
[EventDate "2025.06.07"]

1. e4 {[%clk 01:30:59]} e5 {[%clk 01:30:25]} {[%emt 00:00:36]} 2. Nf3 {[%clk
01:31:21]} {[%emt 00:00:07]} Nc6 {[%clk 01:30:34]} {[%emt 00:00:22]} 3. Nc3
{[%clk 01:31:42]} {[%emt 00:00:08]} Nf6 {[%clk 01:30:16]} {[%emt 00:00:48]} 4.
d4 {[%clk 01:31:57]} {[%emt 00:00:15]} exd4 {[%clk 01:29:09]} {[%emt 00:01:38]}
5. Nxd4 {[%clk 01:32:12]} {[%emt 00:00:15]} d6 {[%clk 01:28:42]} {[%emt
00:00:57]} 6. Bb5 {[%clk 01:31:34]} {[%emt 00:01:06]} Bd7 {[%clk 01:26:59]}
{[%emt 00:02:14]} 7. Nxc6 {[%clk 01:30:55]} {[%emt 00:01:09]} bxc6 {[%clk
01:26:41]} {[%emt 00:00:48]} 8. Ba4 {[%clk 01:30:23]} {[%emt 00:01:02]} Be7
{[%clk 01:25:33]} {[%emt 00:01:38]} 9. O-O {[%clk 01:30:20]} {[%emt 00:00:33]}
O-O {[%clk 01:19:49]} {[%emt 00:06:14]} 10. Bf4 {[%clk 01:29:15]} {[%emt
00:01:35]} Re8 {[%clk 01:14:51]} {[%emt 00:05:29]} 11. Re1 {[%clk 01:28:12]}
{[%emt 00:01:31]} Bf8 {[%clk 01:12:43]} {[%emt 00:02:39]} 12. Qf3 {[%clk
01:26:48]} {[%emt 00:01:52]} Kh8 {[%clk 01:10:01]} {[%emt 00:03:13]} 13. Rad1
{[%clk 01:21:24]} {[%emt 00:05:54]} Qc8 {[%clk 01:06:18]} {[%emt 00:04:14]} 14.
Bb3 {[%clk 01:16:06]} {[%emt 00:05:48]} Bg4 {[%clk 01:05:02]} {[%emt 00:01:45]}
15. Qd3 {[%clk 01:13:59]} {[%emt 00:02:36]} Bxd1 {[%clk 01:04:34]} {[%emt
00:00:59]} 16. Qxd1 {[%clk 01:14:11]} {[%emt 00:00:20]} Qd7 {[%clk 01:02:51]}
{[%emt 00:02:12]} 17. Qf3 {[%clk 01:12:50]} {[%emt 00:01:50]} Rab8 {[%clk
00:59:32]} {[%emt 00:03:50]} 18. Bg5 {[%clk 01:08:13]} {[%emt 00:05:07]} Be7
{[%clk 00:53:28]} {[%emt 00:06:34]} 19. Bxf7 {[%clk 01:08:19]} {[%emt
00:00:24]} Rf8 {[%clk 00:53:29]} {[%emt 00:00:29]} 20. Bb3 {[%clk 01:07:37]}
{[%emt 00:01:11]} Nxe4 {[%clk 00:50:22]} {[%emt 00:03:37]} 21. Qh5 {[%clk
01:05:22]} {[%emt 00:02:45]} Nxg5 {[%clk 00:49:43]} {[%emt 00:01:10]} 22. Re3
{[%clk 01:03:45]} {[%emt 00:02:07]} Bf6 {[%clk 00:48:31]} {[%emt 00:01:43]} 23.
Rg3 {[%clk 01:01:29]} {[%emt 00:02:44]} Rbe8 {[%clk 00:47:02]} {[%emt
00:01:59]} 24. h4 {[%clk 01:00:12]} {[%emt 00:01:47]} Re1+ {[%clk 00:46:39]}
{[%emt 00:00:54]} 25. Kh2 {[%clk 01:00:13]} {[%emt 00:00:29]} Be5 {[%clk
00:46:08]} {[%emt 00:01:01]} 26. Qxg5 {[%clk 00:59:46]} {[%emt 00:00:57]} Bxg3+
{[%clk 00:46:18]} {[%emt 00:00:20]} 27. Qxg3 {[%clk 01:00:02]} {[%emt
00:00:14]} Qf5 {[%clk 00:44:36]} {[%emt 00:02:11]} 28. f3 {[%clk 00:59:56]}
{[%emt 00:00:37]} Qf4 {[%clk 00:44:20]} {[%emt 00:00:45]} 29. Ne4 {[%clk
00:59:20]} {[%emt 00:01:06]} d5 {[%clk 00:43:41]} {[%emt 00:01:08]} 30. Nc5
{[%clk 00:58:58]} {[%emt 00:00:55]} Rh1+ {[%clk 00:43:20]} {[%emt 00:00:49]}
0-1

[Event "DEM U12w 2025"]
[Site "Willingen GER"]
[Date "2025.06.08"]
[Round "2"]
[White "Naz Öksüz, Meryem"]
[Black "Ulianova, Anna"]
[Result "1/2-1/2"]
[Termination "normal"]
[Board "16"]
[WhiteElo "1393"]
[BlackElo "1440"]
[WhiteClock "01:14:19"]
[BlackClock "00:45:26"]
[PlyCount "79"]
[WhiteFideId "533025860"]
[BlackFideId "34682660"]
[EventCountry "GER"]
[EventRounds "9"]
[EventType "swiss"]
[EventDate "2025.06.07"]

1. Nf3 {[%clk 01:30:58]} d5 {[%clk 01:30:49]} {[%emt 00:00:12]} 2. b3 {[%clk
01:31:23]} {[%emt 00:00:06]} Nc6 {[%clk 01:31:11]} {[%emt 00:00:07]} 3. e3
{[%clk 01:31:33]} {[%emt 00:00:21]} e5 {[%clk 01:31:24]} {[%emt 00:00:16]} 4.
Bb2 {[%clk 01:31:45]} {[%emt 00:00:18]} e4 {[%clk 01:31:33]} {[%emt 00:00:21]}
5. Nd4 {[%clk 01:32:08]} {[%emt 00:00:07]} Nf6 {[%clk 01:31:35]} {[%emt
00:00:28]} 6. Nxc6 {[%clk 01:32:24]} {[%emt 00:00:14]} bxc6 {[%clk 01:31:58]}
{[%emt 00:00:07]} 7. d4 {[%clk 01:32:52]} {[%emt 00:00:02]} c5 {[%clk
01:32:12]} {[%emt 00:00:17]} 8. c4 {[%clk 01:33:09]} {[%emt 00:00:13]} c6
{[%clk 01:31:56]} {[%emt 00:00:46]} 9. Nc3 {[%clk 01:32:14]} {[%emt 00:01:24]}
cxd4 {[%clk 01:24:09]} {[%emt 00:08:17]} 10. exd4 {[%clk 01:32:17]} {[%emt
00:00:27]} Bb4 {[%clk 01:21:05]} {[%emt 00:03:35]} 11. a3 {[%clk 01:31:53]}
{[%emt 00:00:52]} Bxc3+ {[%clk 01:21:27]} {[%emt 00:00:09]} 12. Bxc3 {[%clk
01:32:16]} {[%emt 00:00:07]} O-O {[%clk 01:21:33]} {[%emt 00:00:24]} 13. Be2
{[%clk 01:32:05]} {[%emt 00:00:41]} h6 {[%clk 01:18:31]} {[%emt 00:03:32]} 14.
O-O {[%clk 01:29:55]} {[%emt 00:02:40]} Nh7 {[%clk 01:17:05]} {[%emt 00:01:56]}
15. Bd2 {[%clk 01:26:18]} {[%emt 00:04:08]} Ng5 {[%clk 01:14:42]} {[%emt
00:02:53]} 16. f4 {[%clk 01:26:00]} {[%emt 00:00:48]} exf3 {[%clk 01:13:30]}
{[%emt 00:01:42]} 17. Bxf3 {[%clk 01:26:28]} {[%emt 00:00:02]} Nxf3+ {[%clk
01:12:44]} {[%emt 00:01:15]} 18. Rxf3 {[%clk 01:26:57]} {[%emt 00:00:02]} Bg4
{[%clk 01:11:50]} {[%emt 00:01:24]} 19. Qf1 {[%clk 01:27:02]} {[%emt 00:00:25]}
Bxf3 {[%clk 01:12:07]} {[%emt 00:00:13]} 20. Qxf3 {[%clk 01:27:28]} {[%emt
00:00:04]} Rb8 {[%clk 01:11:43]} {[%emt 00:00:54]} 21. Rf1 {[%clk 01:27:21]}
{[%emt 00:00:36]} Qb6 {[%clk 01:11:46]} {[%emt 00:00:28]} 22. Qg4 {[%clk
01:27:15]} {[%emt 00:00:35]} c5 {[%clk 01:11:13]} {[%emt 00:01:03]} 23. Kh1
{[%clk 01:25:31]} {[%emt 00:02:14]} cxd4 {[%clk 01:07:23]} {[%emt 00:04:21]}
24. cxd5 {[%clk 01:24:44]} {[%emt 00:01:18]} Qd6 {[%clk 01:01:35]} {[%emt
00:06:17]} 25. Bf4 {[%clk 01:23:28]} {[%emt 00:01:23]} Qf6 {[%clk 01:02:05]}
26. Kg1 {[%clk 01:23:28]} {[%emt 00:00:52]} Rxb3 {[%clk 01:01:17]} {[%emt
00:01:19]} 27. Bc7 {[%clk 01:22:48]} {[%emt 00:01:09]} Qg6 {[%emt 00:06:45]}
28. Qxd4 {[%clk 01:20:57]} {[%emt 00:00:14]} Rxa3 {[%clk 00:56:23]} {[%emt
00:01:16]} 29. d6 {[%clk 01:20:55]} {[%emt 00:00:32]} Ra2 {[%clk 00:56:31]}
{[%emt 00:00:22]} 30. Qd5 {[%clk 01:20:38]} {[%emt 00:00:47]} Qc2 {[%clk
00:56:13]} {[%emt 00:00:49]} 31. d7 {[%clk 01:20:28]} {[%emt 00:00:39]} Qxc7
{[%clk 00:56:26]} {[%emt 00:00:18]} 32. Qxa2 {[%clk 01:20:39]} {[%emt
00:00:20]} Qxd7 {[%clk 00:56:51]} {[%emt 00:00:05]} 33. h3 {[%clk 01:20:44]}
{[%emt 00:00:23]} Ra8 {[%clk 00:55:32]} {[%emt 00:01:50]} 34. Kh1 {[%clk
01:19:51]} {[%emt 00:01:23]} Qe6 {[%clk 00:55:26]} {[%emt 00:00:36]} 35. Qa4
{[%clk 01:19:42]} {[%emt 00:00:28]} a5 {[%clk 00:53:32]} {[%emt 00:02:35]} 36.
Qb5 {[%clk 01:17:47]} {[%emt 00:02:20]} Qa6 {[%clk 00:50:44]} {[%emt 00:03:23]}
37. Qf5 {[%clk 01:17:15]} {[%emt 00:00:59]} Qc4 {[%clk 00:47:24]} {[%emt
00:03:52]} 38. Qf3 {[%clk 01:16:06]} {[%emt 00:01:32]} Ra6 {[%clk 00:46:06]}
{[%emt 00:01:56]} 39. Re1 {[%clk 01:14:19]} {[%emt 00:02:16]} Qc6 {[%clk
00:45:26]} {[%emt 00:01:10]} 40. Qd3 {[%emt 00:02:02]} 1/2-1/2

[Event "DEM U12w 2025"]
[Site "Willingen GER"]
[Date "2025.06.08"]
[Round "2"]
[White "Sniegowski, Victoria"]
[Black "Bacakova, Klara"]
[Result "1/2-1/2"]
[Termination "normal"]
[Board "17"]
[WhiteElo "1525"]
[BlackElo "1571"]
[WhiteClock "00:52:29"]
[BlackClock "00:14:45"]
[PlyCount "42"]
[WhiteFideId "34675612"]
[BlackFideId "34605762"]
[EventCountry "GER"]
[EventRounds "9"]
[EventType "swiss"]
[EventDate "2025.06.07"]

1. e4 {[%clk 01:30:58]} {[%emt 00:00:01]} c5 {[%clk 01:30:56]} {[%emt
00:00:04]} 2. c3 {[%clk 01:31:11]} {[%emt 00:00:17]} d5 {[%clk 01:31:08]}
{[%emt 00:00:17]} 3. exd5 {[%clk 01:31:01]} {[%emt 00:00:41]} Qxd5 {[%clk
01:31:26]} {[%emt 00:00:12]} 4. d4 {[%clk 01:31:13]} {[%emt 00:00:18]} cxd4
{[%clk 01:31:13]} {[%emt 00:00:43]} 5. cxd4 {[%clk 01:31:27]} {[%emt 00:00:16]}
Nc6 {[%clk 01:28:47]} {[%emt 00:02:57]} 6. Nf3 {[%clk 01:31:27]} {[%emt
00:00:29]} Bg4 {[%clk 01:26:19]} {[%emt 00:02:58]} 7. Be2 {[%clk 01:31:30]}
{[%emt 00:00:27]} Bxf3 {[%clk 01:25:10]} {[%emt 00:01:40]} 8. Bxf3 {[%emt
00:01:16]} Qd7 {[%clk 01:21:56]} {[%emt 00:02:40]} 9. Be3 {[%clk 01:30:54]}
{[%emt 00:01:24]} Rd8 {[%clk 01:20:21]} {[%emt 00:02:06]} 10. d5 {[%clk
01:28:45]} {[%emt 00:02:40]} Nb4 {[%clk 01:16:13]} {[%emt 00:04:37]} 11. Nc3
{[%clk 01:26:33]} {[%emt 00:02:42]} b6 {[%clk 01:10:11]} {[%emt 00:06:33]} 12.
O-O {[%clk 01:24:35]} {[%emt 00:02:27]} Nf6 {[%clk 01:07:30]} {[%emt 00:03:12]}
13. d6 {[%clk 01:07:22]} {[%emt 00:17:43]} exd6 {[%clk 00:52:17]} {[%emt
00:15:43]} 14. a3 {[%clk 01:05:29]} {[%emt 00:02:23]} Na6 {[%clk 00:46:45]}
{[%emt 00:06:02]} 15. Rc1 {[%clk 01:02:23]} {[%emt 00:03:35]} Nb8 {[%clk
00:36:37]} {[%emt 00:10:39]} 16. Qb3 {[%clk 01:01:37]} {[%emt 00:01:15]} Be7
{[%clk 00:34:02]} {[%emt 00:03:05]} 17. Qb5 {[%clk 01:00:15]} {[%emt 00:01:52]}
O-O {[%clk 00:33:07]} {[%emt 00:01:26]} 18. Qxd7 {[%clk 00:59:36]} {[%emt
00:01:09]} Rxd7 {[%clk 00:29:12]} {[%emt 00:04:26]} 19. Rfd1 {[%clk 00:57:27]}
{[%emt 00:02:39]} Rc8 {[%clk 00:26:17]} {[%emt 00:03:24]} 20. Nb5 {[%clk
00:56:39]} {[%emt 00:01:18]} Rcd8 {[%clk 00:21:13]} {[%emt 00:05:35]} 21. Rd3
{[%clk 00:52:29]} {[%emt 00:04:31]} h6 {[%clk 00:14:45]} {[%emt 00:07:06]}
1/2-1/2

[Event "DEM U12w 2025"]
[Site "Willingen GER"]
[Date "2025.06.08"]
[Round "2"]
[White "Vasilieva, Victoria"]
[Black "Sriram, Yashasri"]
[Result "1-0"]
[Termination "normal"]
[Board "18"]
[WhiteElo "1554"]
[BlackElo "1547"]
[WhiteClock "00:59:11"]
[BlackClock "01:12:59"]
[PlyCount "107"]
[WhiteFideId "533007071"]
[BlackFideId "34656243"]
[EventCountry "GER"]
[EventRounds "9"]
[EventType "swiss"]
[EventDate "2025.06.07"]

1. d4 {[%clk 01:30:58]} {[%emt 00:00:01]} Nf6 {[%clk 01:30:33]} {[%emt
00:00:27]} 2. c4 {[%clk 01:31:03]} {[%emt 00:00:25]} e6 {[%clk 01:31:00]}
{[%emt 00:00:03]} 3. Nf3 {[%clk 01:31:03]} {[%emt 00:00:30]} b6 {[%clk
01:31:25]} {[%emt 00:00:05]} 4. g3 {[%clk 01:31:17]} {[%emt 00:00:16]} Bb7
{[%clk 01:31:50]} {[%emt 00:00:05]} 5. Bg2 {[%clk 01:31:38]} {[%emt 00:00:08]}
Be7 {[%clk 01:31:53]} {[%emt 00:00:28]} 6. Nc3 {[%clk 01:31:25]} {[%emt
00:00:43]} O-O {[%clk 01:31:54]} {[%emt 00:00:29]} 7. O-O {[%clk 01:31:29]}
{[%emt 00:00:26]} d5 {[%clk 01:31:50]} {[%emt 00:00:35]} 8. cxd5 {[%clk
01:31:30]} {[%emt 00:00:29]} Nxd5 {[%clk 01:32:05]} {[%emt 00:00:14]} 9. Nxd5
{[%clk 01:31:17]} {[%emt 00:00:43]} Bxd5 {[%clk 01:32:23]} {[%emt 00:00:12]}
10. Bf4 {[%clk 01:30:14]} {[%emt 00:01:32]} c5 {[%clk 01:32:15]} {[%emt
00:00:39]} 11. dxc5 {[%clk 01:29:06]} {[%emt 00:01:38]} Bxc5 {[%clk 01:32:34]}
{[%emt 00:00:11]} 12. a3 {[%clk 01:27:35]} {[%emt 00:02:01]} a5 {[%clk
01:30:02]} {[%emt 00:03:01]} 13. Re1 {[%clk 01:26:02]} {[%emt 00:02:01]} Nd7
{[%clk 01:25:52]} {[%emt 00:04:42]} 14. Qd2 {[%clk 01:24:48]} {[%emt 00:01:40]}
Nf6 {[%clk 01:24:39]} {[%emt 00:01:46]} 15. Rf1 {[%clk 01:15:23]} {[%emt
00:09:55]} Bxf2+ {[%clk 01:19:16]} {[%emt 00:05:54]} 16. Rxf2 {[%clk 01:14:45]}
{[%emt 00:01:08]} Ne4 {[%clk 01:19:35]} {[%emt 00:00:12]} 17. Qe3 {[%clk
01:12:02]} {[%emt 00:03:10]} Nxf2 {[%clk 01:19:47]} {[%emt 00:00:20]} 18. Qxf2
{[%clk 01:12:20]} {[%emt 00:00:12]} b5 {[%clk 01:17:27]} {[%emt 00:02:50]} 19.
Rd1 {[%clk 01:10:52]} {[%emt 00:01:58]} Qe7 {[%clk 01:12:31]} {[%emt 00:05:25]}
20. e4 {[%clk 01:09:03]} {[%emt 00:02:20]} Bxe4 {[%clk 01:12:10]} {[%emt
00:00:52]} 21. Bd6 {[%clk 01:09:20]} {[%emt 00:00:13]} Qd8 {[%clk 01:12:26]}
{[%emt 00:00:13]} 22. Qd4 {[%clk 01:08:32]} {[%emt 00:01:18]} Bxf3 {[%clk
01:06:42]} {[%emt 00:06:14]} 23. Bxf3 {[%clk 01:08:19]} {[%emt 00:00:44]} Re8
{[%clk 01:06:41]} {[%emt 00:00:30]} 24. Bxa8 {[%clk 01:08:22]} {[%emt
00:00:27]} Qxa8 {[%clk 01:07:05]} {[%emt 00:00:06]} 25. Qc5 {[%clk 01:04:10]}
{[%emt 00:04:32]} Qb7 {[%clk 01:07:05]} {[%emt 00:00:40]} 26. Qc7 {[%clk
01:03:54]} {[%emt 00:00:41]} Qxc7 {[%clk 01:05:05]} {[%emt 00:02:36]} 27. Bxc7
{[%clk 01:03:51]} {[%emt 00:00:33]} a4 {[%clk 01:05:26]} {[%emt 00:00:09]} 28.
Rd6 {[%clk 01:02:35]} {[%emt 00:01:43]} e5 {[%clk 01:05:41]} {[%emt 00:00:18]}
29. Rb6 {[%clk 01:02:35]} {[%emt 00:00:29]} e4 {[%clk 01:06:06]} {[%emt
00:00:06]} 30. Rxb5 {[%clk 01:02:19]} {[%emt 00:00:46]} e3 {[%clk 01:06:31]}
{[%emt 00:00:05]} 31. Kf1 {[%clk 01:02:28]} {[%emt 00:00:18]} e2+ {[%clk
01:06:54]} {[%emt 00:00:09]} 32. Ke1 {[%clk 01:02:53]} {[%emt 00:00:05]} h6
{[%clk 01:07:05]} {[%emt 00:00:20]} 33. Rb8 {[%clk 01:00:35]} {[%emt 00:02:42]}
Rxb8 {[%clk 01:07:25]} {[%emt 00:00:15]} 34. Bxb8 {[%clk 01:01:00]} {[%emt
00:00:06]} f5 {[%clk 01:07:36]} {[%emt 00:00:18]} 35. Kxe2 {[%clk 01:01:19]}
{[%emt 00:00:11]} Kf7 {[%clk 01:07:57]} {[%emt 00:00:09]} 36. Kd3 {[%clk
01:00:29]} {[%emt 00:01:19]} g5 {[%emt 00:00:31]} 37. Kc4 {[%clk 00:59:53]}
{[%emt 00:01:05]} Ke6 {[%clk 01:08:10]} {[%emt 00:00:17]} 38. Kb4 {[%clk
01:00:07]} {[%emt 00:00:17]} h5 {[%clk 01:08:25]} {[%emt 00:00:14]} 39. Kxa4
{[%clk 01:00:04]} {[%emt 00:00:33]} h4 {[%clk 01:08:42]} {[%emt 00:00:13]} 40.
b4 {[%clk 01:00:25]} {[%emt 00:00:09]} hxg3 {[%clk 01:09:00]} {[%emt 00:00:13]}
41. hxg3 {[%clk 01:00:41]} {[%emt 00:00:14]} f4 {[%clk 01:09:13]} {[%emt
00:00:16]} 42. gxf4 {[%clk 01:00:43]} {[%emt 00:00:28]} gxf4 {[%clk 01:09:32]}
{[%emt 00:00:11]} 43. Bxf4 {[%clk 01:01:05]} {[%emt 00:00:08]} Kd7 {[%clk
01:09:51]} {[%emt 00:00:11]} 44. b5 {[%clk 01:01:27]} {[%emt 00:00:07]} Kc8
{[%clk 01:10:14]} {[%emt 00:00:08]} 45. Ka5 {[%clk 01:01:29]} {[%emt 00:00:28]}
Kb7 {[%clk 01:10:33]} {[%emt 00:00:11]} 46. Bd2 {[%clk 01:00:55]} {[%emt
00:01:04]} Ka8 {[%clk 01:10:50]} {[%emt 00:00:13]} 47. Kb6 {[%clk 01:00:21]}
{[%emt 00:00:53]} Kb8 {[%clk 01:11:09]} {[%emt 00:00:22]} 48. Kc6 {[%clk
01:00:30]} {[%emt 00:00:19]} Ka7 {[%clk 01:11:09]} {[%emt 00:00:32]} 49. Bh6
{[%clk 00:59:57]} {[%emt 00:01:03]} Kb8 {[%clk 01:11:29]} {[%emt 00:00:11]} 50.
b6 {[%clk 01:00:04]} {[%emt 00:00:16]} Ka8 {[%clk 01:11:47]} {[%emt 00:00:18]}
51. b7+ {[%clk 00:59:30]} {[%emt 00:01:04]} Kb8 {[%clk 01:12:10]} {[%emt
00:00:08]} 52. Bf4+ {[%clk 00:59:08]} {[%emt 00:00:51]} Ka7 {[%clk 01:12:30]}
{[%emt 00:00:10]} 53. b8=Q+ {[%clk 00:58:54]} {[%emt 00:00:43]} Ka6 {[%clk
01:12:59]} {[%emt 00:00:03]} 54. Qb6# {[%clk 00:59:11]} {[%emt 00:00:12]} 1-0

[Event "DEM U12w 2025"]
[Site "Willingen GER"]
[Date "2025.06.08"]
[Round "2"]
[White "Zietz, Leni"]
[Black "Didas, Emma"]
[Result "1-0"]
[Termination "normal"]
[Board "20"]
[WhiteElo "1113"]
[BlackElo "1461"]
[WhiteClock "00:44:42"]
[BlackClock "00:57:32"]
[PlyCount "61"]
[WhiteFideId "533025886"]
[BlackFideId "34681612"]
[EventCountry "GER"]
[EventRounds "9"]
[EventType "swiss"]
[EventDate "2025.06.07"]

1. d4 {[%clk 01:30:58]} {[%emt 00:00:02]} d6 {[%clk 01:30:53]} {[%emt
00:00:08]} 2. e4 {[%clk 01:31:21]} {[%emt 00:00:07]} Nf6 {[%clk 01:31:17]}
{[%emt 00:00:05]} 3. Nc3 {[%clk 01:31:42]} {[%emt 00:00:09]} g6 {[%clk
01:31:42]} {[%emt 00:00:06]} 4. Be2 {[%clk 01:32:02]} {[%emt 00:00:10]} Bg7
{[%clk 01:31:33]} {[%emt 00:00:39]} 5. h4 {[%clk 01:32:18]} {[%emt 00:00:13]}
c6 {[%clk 01:31:30]} {[%emt 00:00:33]} 6. h5 {[%clk 01:32:26]} {[%emt
00:00:23]} Nbd7 {[%clk 01:31:41]} {[%emt 00:00:18]} 7. h6 {[%clk 01:32:35]}
{[%emt 00:00:21]} Bf8 {[%clk 01:31:58]} {[%emt 00:00:14]} 8. Bg5 {[%clk
01:31:29]} {[%emt 00:01:35]} e5 {[%clk 01:25:10]} {[%emt 00:07:18]} 9. Nf3
{[%clk 01:24:32]} {[%emt 00:07:28]} Be7 {[%clk 01:23:56]} {[%emt 00:01:44]} 10.
Qd3 {[%clk 01:20:59]} {[%emt 00:03:51]} exd4 {[%clk 01:20:10]} {[%emt
00:04:28]} 11. Qxd4 {[%clk 01:19:08]} {[%emt 00:02:21]} Nc5 {[%clk 01:18:20]}
{[%emt 00:02:21]} 12. e5 {[%clk 01:13:32]} {[%emt 00:06:06]} Ne6 {[%clk
01:15:24]} {[%emt 00:03:26]} 13. Qe3 {[%clk 01:10:30]} {[%emt 00:03:18]} Nxg5
{[%clk 01:12:37]} {[%emt 00:03:31]} 14. exf6 {[%clk 01:08:22]} {[%emt
00:02:37]} Nxf3+ {[%clk 01:11:17]} {[%emt 00:01:50]} 15. Bxf3 {[%clk 01:08:24]}
{[%emt 00:00:28]} d5 {[%clk 01:06:25]} {[%emt 00:05:23]} 16. Qxe7+ {[%clk
01:06:06]} {[%emt 00:02:47]} Qxe7+ {[%clk 01:06:47]} {[%emt 00:00:08]} 17. fxe7
{[%clk 01:06:25]} {[%emt 00:00:11]} Kxe7 {[%clk 01:06:47]} {[%emt 00:00:30]}
18. Kd2 {[%clk 01:05:31]} {[%emt 00:01:24]} Be6 {[%clk 01:06:43]} {[%emt
00:00:32]} 19. Rae1 {[%clk 01:05:08]} {[%emt 00:00:55]} Rad8 {[%clk 01:06:01]}
{[%emt 00:01:11]} 20. Ne2 {[%clk 01:02:27]} {[%emt 00:03:12]} c5 {[%clk
01:05:35]} {[%emt 00:00:57]} 21. Nf4 {[%clk 01:00:48]} {[%emt 00:02:09]} Rhe8
{[%clk 01:05:35]} {[%emt 00:00:28]} 22. Nxd5+ {[%clk 00:58:47]} {[%emt
00:02:33]} Kf8 {[%clk 01:04:58]} {[%emt 00:01:06]} 23. c4 {[%clk 00:57:39]}
{[%emt 00:01:38]} Re7 {[%clk 01:04:22]} {[%emt 00:01:06]} 24. Kc3 {[%clk
00:55:50]} {[%emt 00:02:16]} Red7 {[%clk 01:03:56]} {[%emt 00:00:59]} 25. Re5
{[%clk 00:53:21]} {[%emt 00:02:55]} b5 {[%clk 01:03:15]} {[%emt 00:01:14]} 26.
Nf6 {[%clk 00:49:31]} {[%emt 00:04:20]} Rd3+ {[%clk 01:00:47]} {[%emt
00:02:57]} 27. Kc2 {[%clk 00:49:14]} {[%emt 00:00:49]} Bf5 {[%clk 00:59:35]}
{[%emt 00:01:42]} 28. Nxh7+ {[%clk 00:46:17]} {[%emt 00:03:26]} Kg8 {[%clk
00:59:57]} {[%emt 00:00:08]} 29. Nf6+ {[%clk 00:46:29]} {[%emt 00:00:18]} Kf8
{[%clk 00:58:20]} {[%emt 00:02:07]} 30. Be4 {[%clk 00:44:47]} {[%emt 00:02:13]}
Rd2+ {[%clk 00:57:32]} {[%emt 00:01:19]} 31. Kc1 {[%clk 00:44:42]} {[%emt
00:00:27]} 1-0